La teoría del campo en la ciencia social
Guardat en:
| Autor principal: | |
|---|---|
| Format: | Llibre |
| Idioma: | espanyol |
| Publicat: |
Buenos Aires
Paidós
1978
|
| Col·lecció: | Biblioteca psicologías del siglo XX. Serie mayor, 35
|
| Matèries: | |
| Etiquetes: |
Afegir etiqueta
Sense etiquetes, Sigues el primer a etiquetar aquest registre!
|
MARC
| LEADER | 00000nam a2200000 a 4500 | ||
|---|---|---|---|
| 001 | UCY7299 | ||
| 003 | CL-VaPUC | ||
| 008 | 950609e19780000AG |||||||||||||||||spa|d | ||
| 082 | 0 | 4 | |a 302 |b LEW |2 21 |
| 100 | |a Lewin, Kurt |e author |9 312087 | ||
| 245 | 1 | 3 | |a La teoría del campo en la ciencia social |
| 300 | |a 308 p | ||
| 942 | |c BK | ||
| 945 | |d 19950609 00:00:00 |a cmena | ||
| 260 | |a Buenos Aires |b Paidós |c 1978 | ||
| 650 | 0 | |a Ciencias sociales |9 256351 | |
| 650 | 0 | |a Sociología |9 255410 | |
| 650 | 0 | |a Psicología social |9 222894 | |
| 650 | 7 | |a INVESTIGACION PSICOLOGICA |2 CL-VaPUC |9 309030 | |
| 650 | 0 | |a Dinámica de grupos |9 259862 | |
| 650 | 0 | |a Dinámica social |9 334923 | |
| 650 | 0 | |a Comportamiento |9 308406 | |
| 650 | 7 | |a PSICOLOGIA EXPERIMENTAL |2 CL-VaPUC |9 309015 | |
| 583 | |a last modification |c 19950609 00:00:00 |k Rodrigo Vera | ||
| 490 | 0 | |a Biblioteca psicologías del siglo XX. Serie mayor, 35 | |
| 999 | |c 234709 |d 234707 | ||
| 952 | |0 0 |1 0 |4 0 |6 302_000000000000000_LEW_1978 |7 0 |8 A |9 241341 |a BIBEDU |b BIBEDU |d 2019-11-18 |i 1517074 |o 302 LEW 1978 |p 1517074 |r 2019-11-18 |w 2019-11-18 |y BK |k EDU | ||